00386nam a2200133Ia 4500003000400000005001700004008004100021040001800062041000800080100004300088110001900131245008200150260002000232OSt20230530101925.0211028s2007 xx 000 0 und d cAIMIT LIBRARY aeng aGirish, N S;Varkey, P Shine.g50971398 aShine P Varkey aDrug designing and virtual screening for putative inhibitors of hiv protease. aMangalorec2007